000 01301nam a2200313 i 4500
001 768714001
003 CO-MdFUSB
005 20230811110054.0
007 ta
008 230310t1961 enk |||| |||| 00| 0 eng
020 _q[No incluye ISBN]
040 _aCO-MdFUSB
_bspa
_cCO-MdFUSB
_dCO-MdFUSBC
_erda
041 _aeng
082 _223
_a220
_bB268
100 _aBarr, James,
_eautor
245 4 _aThe semantics of biblical language
_c/ James Barr
264 1 _aGlasgow :
_bOxford University Press,
_c[1961]
264 4 _c© 1961
300 _a313 páginas
_c; 22 cm
336 _2rdacontent
_atexto
_btxt
337 _2rdamedia
_asin mediación
_bn
338 _2rdacarrier
_avolumen
_bnc
505 _aLa importancia del problema. -- El contraste actual del pensamiento griego y hebreo. -- Problemas de método. -- Verbos, acción y tiempo. -- Otros argumentos de morfológico y Fenómenos sintácticos. -- Etimologías y argumentos relacionados. -- Fe y verdad - un examen de algunos argumentos lingüísticos. -- Algunos principios del diccionario teológico de Kittel. -- El lenguaje y la idea de teología bíblica. -- Los lenguajes y el estudio de la teología.
563 _aPasta dura
653 _alenguaje bíblico
942 _cBK
945 _aJTF-925
999 _c68570
_d68570